000 00715nam a22002177a 4500
003 UA-OsUOA
001 129311
007 ta
008 20180226b un ||||| |||| 00| 0 ukr d
100 _aСкореднова Н.
090 _a81
_bС44
942 _cSA
040 _aUA-OsUOA
_bukr
_cUA-OsUOA
_dUA-OsUOA
245 _aВикористання інформаційно-комунікаційних технологій на уроках української мови і літератури
300 _aС.46-51
955 _a0
041 _aukr
080 _a81
773 0 _w129308
650 7 _a8 Мовознавство. Художня література. Літературознавство
_2UDC
999 _c417153
_d417153